| 000 | 00766nam a2200217 a 4500 | ||
|---|---|---|---|
| 005 | 20200104041507.0 | ||
| 008 | 140219b1996 ck a gr||||o00| 0 spa d | ||
| 040 |
_aCO-BoIAVH _cCO-BoIAVH |
||
| 041 | 0 | _aspa | |
| 044 | _ack | ||
| 082 | 0 | 4 |
_a333.7071 _bM66i |
| 110 | 2 |
_aColombia _bMinisterio de Educación Nacional |
|
| 245 | 1 | _aIncorporación de la dimensión ambiental en la educación básica en zonas rurales y pequeño urbanas del país / | |
| 260 |
_aBogotá : _bMinisterio de Educación Nacional, _c1996. |
||
| 300 |
_a27 páginas : _bIlustraciones ; _c28 x 21 cm. |
||
| 650 | 6 | _aEducación ambiental | |
| 650 | 4 |
_aEducación básica _vEducación ambiental |
|
| 650 | 6 | _aEducación básica | |
| 662 | _aColombia | ||
| 942 |
_cLIBRO _2ddc |
||
| 999 |
_c150 _d150 |
||